00735nam a2200217 a 450000100100000000500170001000800410002702000150006804000250008308200150010810000360012324500370015926000460019630000210024249000140026350000630027759000260034083000210036695201130038799900170050000004249920201002040207.0131204s1997 sp r 000 0 spa d a8479794348 aDO-SdBNPbspacBNPHU axxxxbxxxx1 aTertsch, Hermann,d1958-96969613aLa acuarela /cHermann, Tertsch. aEspaña :bAnaya & Mario Muchnik,c1997. a186 p. ;c22 cm.1 aAnalectas aIncluye datos biográficos del autor en la contracubierta aInventariado, 2019/BT 0aAnalectas921390 001050718MOaGRbGRcHDd2013-12-04iLF1l0oxxxx xxxxp42499-10r2020-06-25w2020-06-25y1ZNo se presta c41988d41988